[Event "Cali Valle Colombia op-B"]
[Site "Cali Valle Colombia"]
[Date "2022.12.28"]
[Round "5"]
[White "Borrero, Alexander"]
[Black "Cuellar Canosa, Nicolas"]
[Result "1-0"]
[WhiteElo "1988"]
[BlackElo "1820"]
[PlyCount "67"]
[EventDate "2022.12.26"]
[EventType "swiss"]
[EventRounds "8"]
[EventCountry "COL"]
[SourceTitle "CBM 211 Extra"]
[Source "ChessBase"]
[SourceDate "2023.01.31"]
[SourceVersion "1"]
[SourceVersionDate "2023.01.31"]
[SourceQuality "1"]

1. Nf3 Nf6 2. g3 d5 3. b3 e6 4. Bb2 Be7 5. Bg2 0-0 6. 0-0 c5 7. d3 Nc6 8. Nbd2 b6 9. c4 Bb7 10. d4 Rc8 11. Rc1 Ba6 12. Re1 dxc4 13. Nxc4 Nxd4 14. Nxd4 cxd4 15. Qxd4 Qxd4 16. Bxd4 Bxc4 17. bxc4 Nd7 18. Red1 Rc7 19. a4 Bb4 20. Rb1 a5 21. f4 Nc5 22. Be5 Rcc8 23. Bd6 Rfe8 24. e4 Red8 25. e5 h6 26. Bf3 Kh7 27. Kg2 g6 28. g4 Rd7 29. h4 Kg7 30. Kg3 Rdd8 31. h5 gxh5 32. gxh5 Kh8 33. Kh4 Rd7 34. Kh3 1-0

[Event "Palmira op-B"]
[Site "Palmira"]
[Date "2022.12.15"]
[Round "2"]
[White "Borrero, Alexander"]
[Black "Ramirez Calderon, Carlos Arturo"]
[Result "1-0"]
[WhiteElo "1988"]
[BlackElo "1610"]
[PlyCount "33"]
[EventDate "2022.12.14"]
[EventType "swiss"]
[EventRounds "8"]
[EventCountry "COL"]
[SourceTitle "CBM 211 Extra"]
[Source "ChessBase"]
[SourceDate "2023.01.31"]
[SourceVersion "1"]
[SourceVersionDate "2023.01.31"]
[SourceQuality "1"]

1. e4 c5 2. a3 Nc6 3. b4 cxb4 4. axb4 Nxb4 5. c3 Nc6 6. d4 d5 7. exd5 Qxd5 8. Na3 Nf6 9. Nb5 Qd8 10. d5 Ne5 11. Bf4 Nfd7 12. Nf3 Nxf3+ 13. Qxf3 e5 14. dxe6 fxe6 15. Nc7+ Ke7 16. Rd1 e5 17. Bg5+ 1-0

[Event "Jamundi Valle Avanza op-B"]
[Site "Jamundi"]
[Date "2022.12.08"]
[Round "1"]
[White "Gomez Saenz, Manuela"]
[Black "Borrero, Alexander"]
[Result "0-1"]
[WhiteElo "1479"]
[BlackElo "1988"]
[PlyCount "50"]
[EventDate "2022.12.08"]
[EventType "swiss"]
[EventRounds "7"]
[EventCountry "COL"]
[SourceTitle "EXT 2024"]
[Source "ChessBase"]
[SourceDate "2023.10.10"]
[SourceVersion "1"]
[SourceVersionDate "2023.10.10"]
[SourceQuality "1"]

1. e4 c6 2. d4 d5 3. exd5 cxd5 4. Bd3 Nf6 5. Bf4 Qb6 6. b3 Nc6 7. c3 Bg4 8. Nf3 e6 9. Nbd2 Be7 10. 0-0 Rc8 11. Rc1 0-0 12. Qe1 Rfe8 13. Ne5 Bf5 14. Ndf3 Ba3 15. Rc2 Bxd3 16. Nxd3 Ne4 17. Ng5 Nxd4 18. cxd4 Rxc2 19. Nxe4 dxe4 20. Qxe4 Qc6 21. Qe3 f6 22. b4 Qc4 23. Nc5 Bxb4 24. Nxb7 Bd2 25. Qg3 Rc1 0-1

[Event "Buenaventura op"]
[Site "Buenaventura"]
[Date "2021.10.10"]
[Round "6"]
[White "Sinisterra Sabi, Cristian David"]
[Black "Borrero, Alexander"]
[Result "0-1"]
[WhiteElo "1600"]
[BlackElo "1923"]
[PlyCount "56"]
[EventDate "2021.10.08"]
[EventType "swiss"]
[EventRounds "7"]
[EventCountry "COL"]
[SourceTitle "EXT 2023"]
[Source "ChessBase"]
[SourceDate "2022.10.05"]
[SourceVersion "1"]
[SourceVersionDate "2022.10.05"]
[SourceQuality "1"]

1. e4 c6 2. d4 d5 3. exd5 cxd5 4. Nf3 Nf6 5. Bd3 Bg4 6. Nbd2 Nc6 7. h3 Bh5 8. c3 e6 9. Nf1 Qa5 10. Ng3 Bxf3 11. Qxf3 Nxd4 12. Qf4 Nc6 13. 0-0 Be7 14. Bd2 e5 15. Qe3 Bc5 16. Qe2 Qc7 17. Kh1 0-0 18. Bg5 Be7 19. Nf5 e4 20. Bb5 Qe5 21. Nxe7+ Nxe7 22. f4 Qd6 23. Rad1 Nf5 24. Qf2 a6 25. Bc4 Rac8 26. Bxf6 Rxc4 27. Bd4 Rxd4 28. cxd4 e3 0-1

[Event "COL-ch U2000"]
[Site "Pereira"]
[Date "2019.03.24"]
[Round "6"]
[White "Torres Benitez, Fabio Ignacio"]
[Black "Borrero, Alexander"]
[Result "0-1"]
[WhiteElo "1805"]
[BlackElo "1986"]
[PlyCount "98"]
[EventDate "2019.03.21"]
[EventType "swiss"]
[EventRounds "9"]
[EventCountry "COL"]
[SourceTitle "CBM 189 Extra"]
[Source "ChessBase"]
[SourceDate "2019.06.03"]
[SourceVersion "1"]
[SourceVersionDate "2019.06.03"]
[SourceQuality "1"]

1. e4 d6 2. g3 Nf6 3. Bg2 e5 4. Ne2 c6 5. 0-0 Bg4 6. f3 Bh5 7. c3 Nbd7 8. d4 Be7 9. Na3 0-0 10. Be3 d5 11. g4 Bg6 12. Ng3 dxe4 13. fxe4 Bxa3 14. bxa3 Qa5 15. Qe2 Qxc3 16. Rac1 Qxa3 17. dxe5 Nxg4 18. Bd4 Ngxe5 19. Nf5 Bxf5 20. exf5 Qd3 21. Qxd3 Nxd3 22. Rcd1 N7e5 23. f6 Rfd8 24. Bc3 Ng4 25. Rf3 Nde5 26. Rxd8+ Rxd8 27. Rf5 Rd1+ 28. Bf1 Ne3 29. Rf4 g5 30. Rf2 N5g4 31. Rf3 Rxf1+ 32. Rxf1 Nxf1 33. Kxf1 Nxh2+ 34. Kg2 Ng4 35. Kf3 h5 36. Ke4 h4 37. Kf3 Nh6 38. Bd2 g4+ 39. Ke4 h3 40. Bf4 Kh7 41. Bg3 Kg6 42. Kf4 Kxf6 43. Bh2 Kg6 44. Bg1 f5 45. Kg3 b6 46. Be3 Nf7 47. Bf4 Kf6 48. Bb8 a6 49. a4 b5 0-1

[Event "Cali Region-ch"]
[Site "Cali"]
[Date "2017.04.28"]
[Round "1"]
[White "Cardoso Cardoso, Jose Gabriel"]
[Black "Borrero, Alexander"]
[Result "1-0"]
[WhiteElo "2100"]
[BlackElo "1783"]
[PlyCount "51"]
[EventDate "2017.04.28"]
[EventType "swiss"]
[EventRounds "7"]
[EventCountry "COL"]
[SourceTitle "CBM 178 Extra"]
[Source "ChessBase"]
[SourceDate "2017.06.22"]
[SourceVersion "1"]
[SourceVersionDate "2017.06.22"]
[SourceQuality "1"]

1. d4 Nf6 2. c4 e5 3. dxe5 Ng4 4. e4 Nxf2 5. Kxf2 Qh4+ 6. g3 Qxe4 7. Nf3 Bc5+ 8. Kg2 0-0 9. Nc3 Qg4 10. h3 Qh5 11. g4 Qg6 12. Bd3 Qc6 13. Nd5 Re8 14. Be4 Kh8 15. Nf6 Qe6 16. Ng5 Qe7 17. Nxe8 Qxe8 18. Bd5 h6 19. Nxf7+ Kh7 20. g5 d6 21. gxh6 Bf5 22. Ng5+ Kh8 23. Qf3 g6 24. Bf4 Nd7 25. Rae1 c6 26. exd6 1-0

[Event "Valle Region-ch"]
[Site "Cali"]
[Date "2013.06.28"]
[Round "2.6"]
[White "Borrero, Alexander"]
[Black "Arango Arenas, Juan Camilo"]
[Result "1-0"]
[WhiteElo "1783"]
[BlackElo "2123"]
[PlyCount "81"]
[EventDate "2013.06.28"]
[EventType "swiss"]
[EventRounds "5"]
[EventCountry "COL"]
[SourceTitle "EXT 2024"]
[Source "ChessBase"]
[SourceDate "2023.10.10"]
[SourceVersion "1"]
[SourceVersionDate "2023.10.10"]
[SourceQuality "1"]

1. e4 c5 2. c3 g6 3. Nf3 Bg7 4. Bc4 e6 5. 0-0 d5 6. exd5 exd5 7. Re1+ Ne7 8. Bb5+ Nbc6 9. d4 cxd4 10. Bxc6+ bxc6 11. Nxd4 0-0 12. Bg5 f6 13. Bf4 g5 14. Bg3 f5 15. Be5 Bxe5 16. Rxe5 Qd6 17. Re1 Bd7 18. Nd2 Rae8 19. N2f3 g4 20. Ne5 Ng6 21. Nxd7 Rxe1+ 22. Qxe1 Qxd7 23. Qd2 f4 24. Re1 Re8 25. g3 Re4 26. gxf4 Nh4 27. Rxe4 dxe4 28. f5 Qd8 29. Qe2 Nf3+ 30. Kg2 Qh4 31. Qc4+ Kg7 32. Nxf3 gxf3+ 33. Kf1 Qxh2 34. Qd4+ Kf7 35. Ke1 Qf4 36. Qd7+ Kf6 37. Qe6+ Kg5 38. Qe7+ Kxf5 39. Qxh7+ Kg4 40. Qd7+ Kh4 41. Qd2 1-0

[Event "Valle Region-ch"]
[Site "Cali"]
[Date "2013.06.28"]
[Round "1.18"]
[White "Norena, Derly Jiseth"]
[Black "Borrero, Alexander"]
[Result "0-1"]
[WhiteElo "1307"]
[BlackElo "1783"]
[PlyCount "76"]
[EventDate "2013.06.28"]
[EventType "swiss"]
[EventRounds "5"]
[EventCountry "COL"]
[SourceTitle "EXT 2024"]
[Source "ChessBase"]
[SourceDate "2023.10.10"]
[SourceVersion "1"]
[SourceVersionDate "2023.10.10"]
[SourceQuality "1"]

1. e4 c6 2. Nf3 g6 3. Bc4 Bg7 4. d3 Nf6 5. Nc3 0-0 6. 0-0 d5 7. Bb3 e6 8. e5 Nfd7 9. d4 a6 10. Bf4 c5 11. a3 Nc6 12. Ne2 Qc7 13. c3 b5 14. Bc2 Bb7 15. Qd2 Rac8 16. Bh6 cxd4 17. Bxg7 Kxg7 18. Nexd4 Ncxe5 19. Nxe5 Nxe5 20. f4 Nc4 21. Qc1 Qe7 22. b3 Nd6 23. Qb2 Qf6 24. a4 Rc7 25. axb5 Nxb5 26. Nxb5 axb5 27. b4 Rxc3 28. Ra3 d4 29. Rxc3 dxc3 30. Qb3 Qd4+ 31. Kh1 Qd2 32. Rg1 Rc8 33. Qa2 Be4 34. Qa6 Ra8 35. Qxb5 Qxc2 36. Qe5+ Kg8 37. b5 Qxg2+ 38. Rxg2 Ra1# 0-1